| 000 | 00373nam a2200133Ia 4500 | ||
|---|---|---|---|
| 008 | 150202s9999 xx 000 0 und d | ||
| 020 | _a373258135 | ||
| 050 |
_aFIC _bFIC |
||
| 100 | _aEstrada, Rita Clay. | ||
| 245 |
_aEverything about him / _cRita Clay Estrada. |
||
| 260 |
_aAustralia : _bSilhouette Books, _c1999. |
||
| 300 |
_a216 pages : _c18 cm. |
||
| 650 | _aFiction. | ||
| 999 |
_c282127 _d282127 |
||